Azərbaycanca Vikipediyada ən çox oxunan məqalələr - Statistics

General Stats
  • This quiz has been taken 18 times
    5 since last reset
  • The average score is 32 of 79
Answer Stats
Səhifə % Correct
Azərbaycan
100%
Bakı
100%
Heydər Əliyev
100%
İlham Əliyev
100%
Qara Yanvar
100%
Xocalı soyqırımı
100%
Feil
80%
Gəncə
80%
İsim
80%
Manna
80%
Mübariz İbrahimov
80%
Novruz bayramı
80%
Qarabağ FK
80%
Qız qalası
80%
Azərbaycan bayrağı
60%
Azərbaycan gerbi
60%
Bağlayıcı
60%
Əli
60%
Əvəzlik
60%
Məhəmməd
60%
Nizami Gəncəvi
60%
Qızılca
60%
Səfəvilər
60%
Sifət
60%
Türkiyə
60%
Zərf
60%
Almaniya
40%
Amerika Birləşmiş Ştatları
40%
Atropatena
40%
Aygün Kazımova
40%
Azərbaycan dili
40%
Azərbaycan əlifbası
40%
Azərbaycan himni
40%
Azərbaycan manatı
40%
Azərbaycan Silahlı Qüvvələri
40%
Birinci Qarabağ müharibəsi
40%
Ədat
40%
Hacı Zeynalabdin Tağıyev
40%
I İsmayıl
40%
İkinci Dünya müharibəsi
40%
İkinci Qarabağ müharibəsi
40%
İran
40%
Naxçıvan Muxtar Respublikası
40%
Polad Həşimov
40%
Qoşma
40%
Quran
40%
Şuşa
40%
Üçbucaq
40%
Üzeyir Hacıbəyov
40%
Xəzər dənizi
40%
Abbasqulu ağa Bakıxanov
20%
Antarktida
20%
Aprel döyüşləri
20%
Aygün Bəylər
20%
Azərbaycan Xalq Cümhuriyyəti
20%
Cəlil Məmmədquluzadə
20%
Facebook
20%
Kriştiano Ronaldo
20%
Məhəmməd Əmin Rəsulzadə
20%
Məhəmməd Füzuli
20%
Mikayıl Müşfiq
20%
Müstəqillik Günü (Azərbaycan)
20%
Osmanlı imperiyası
20%
Qopuz
20%
Şirvanşahlar dövləti
20%
Zəlzələ
20%
Afiyəddin Cəlilov
0%
Ağciyər iltihabı
0%
Albaniya
0%
ASAN xidmət
0%
Azərbaycan Qızıl Aypara Cəmiyyəti
0%
Bəylər Eyyubov
0%
Beynəlxalq Qadınlar Günü
0%
Əli Nağıyev
0%
Faiz
0%
Hikmət Mirzəyev
0%
Müstəqilliyin Bərpası Günü (Azərbaycan)
0%
Vilayət Eyvazov
0%
Zəfər Günü (Azərbaycan)
0%
No matching quizzes found
Score Distribution
Percent of People with Each Score
Percentile by Number Answered
Your Score History
You have not taken this quiz since the last reset